Classifica Marcatori La Liga 2012-2013 - Statistics

Statistiche generali
  • Questo quiz è stato fatto 11 volte
  • Il punteggio medio è 6 su 15
Statistiche sulle risposte
Gol Nazione Squadra Calciatore % Corretto
34 Portogallo Real Madrid Cristiano Ronaldo
100%
46 Argentina Barcellona Lionel Messi
100%
28 Colombia Atlético Madrid Radamel Falcao
91%
16 Argentina Real Madrid Gonzalo Higuaín
73%
14 Spagna Athletic Bilbao Aritz Aduriz
55%
24 Spagna Valencia Roberto Soldado
55%
25 Spagna Siviglia Álvaro Negredo
45%
14 Messico Real Sociedad Carlos Vela
36%
13 Brasile Valencia Jonas
9%
14 Spagna Real Sociedad manol Agirretxe
9%
18 Spagna Betis Rubén Castro
9%
14 Portogallo Real Saragozza Hélder Postiga
0%
13 Spagna Betis Jorge Molina
0%
18 Spagna Rayo Vallecano Piti
0%
13 Spagna Deportivo La Coruña Riki
0%
Nessun quiz corrispondente trovato
Distribuzione punteggi
Percentuale di utenti per punteggio
Percentile per numero di risposta
I tuoi punteggi nel tempo
Non hai fatto questo quiz